| 000 | 00588nam a22002177a 4500 | ||
|---|---|---|---|
| 005 | 20170124110121.0 | ||
| 010 | _aB-065082 | ||
| 020 | _c00.00 | ||
| 035 | _aB-065082 | ||
| 037 | _bCen Lib/Ret | ||
| 040 |
_aDPL _bEN |
||
| 082 |
_a910.41 _bJOU |
||
| 245 |
_aJourney : _cedited by Robyn Davidson _ban anthology / |
||
| 260 |
_aLondon _bPicador _c1998 |
||
| 270 |
_aLondon _bLondon |
||
| 300 |
_ax, 467p. _c20cm(Hb) |
||
| 650 |
_aAnthology _917223 |
||
| 650 |
_aGeography Distances _930584 |
||
| 700 |
_aDavidson, Robyn _9106124 |
||
| 942 |
_2ddc _cEN _h910.41 _mJOU |
||
| 999 |
_c131015 _d131015 |
||